<?xml version="1.0" encoding="UTF-8"?>
<marc:record xmlns:marc="http://www.loc.gov/MARC21/slim">
   <marc:leader>00000nam a2200000 a 4500</marc:leader>
   <marc:datafield ind1="1" ind2=" " tag="100">
      <marc:subfield code="a">Fischer, Ernst Peter</marc:subfield>
      <marc:subfield code="4">aut</marc:subfield>
      <marc:subfield code="e">Verfasser/-in</marc:subfield>
   </marc:datafield>
   <marc:datafield ind1=" " ind2=" " tag="653">
      <marc:subfield code="a">Naturwissenschaften</marc:subfield>
   </marc:datafield>
   <marc:datafield ind1=" " ind2=" " tag="653">
      <marc:subfield code="a">Softcover / Sachbücher/Natur</marc:subfield>
   </marc:datafield>
   <marc:datafield ind1=" " ind2=" " tag="653">
      <marc:subfield code="a">Technik</marc:subfield>
   </marc:datafield>
   <marc:datafield ind1=" " ind2=" " tag="653">
      <marc:subfield code="a">Albert Einstein</marc:subfield>
   </marc:datafield>
   <marc:datafield ind1=" " ind2=" " tag="653">
      <marc:subfield code="a">Isaac Newton</marc:subfield>
   </marc:datafield>
   <marc:datafield ind1=" " ind2=" " tag="653">
      <marc:subfield code="a">Werner Heisenberg</marc:subfield>
   </marc:datafield>
   <marc:datafield ind1=" " ind2=" " tag="653">
      <marc:subfield code="a">Schwerkraft</marc:subfield>
   </marc:datafield>
   <marc:datafield ind1=" " ind2=" " tag="653">
      <marc:subfield code="a">Was ist Licht?</marc:subfield>
   </marc:datafield>
   <marc:datafield ind1=" " ind2=" " tag="653">
      <marc:subfield code="a">Energie</marc:subfield>
   </marc:datafield>
   <marc:datafield ind1=" " ind2=" " tag="653">
      <marc:subfield code="a">Kunst und Wissenschaft</marc:subfield>
   </marc:datafield>
   <marc:datafield ind1=" " ind2=" " tag="653">
      <marc:subfield code="a">Wissenschaft und Religion</marc:subfield>
   </marc:datafield>
   <marc:datafield ind1=" " ind2=" " tag="653">
      <marc:subfield code="a">Allgemeinbildung</marc:subfield>
   </marc:datafield>
   <marc:datafield ind1=" " ind2=" " tag="653">
      <marc:subfield code="a">Alltagsphänomene</marc:subfield>
   </marc:datafield>
   <marc:datafield ind1="0" ind2="0" tag="245">
      <marc:subfield code="a">Die Verzauberung der Welt</marc:subfield>
   </marc:datafield>
   <marc:datafield ind1="0" ind2="0" tag="245">
      <marc:subfield code="b">eine andere Geschichte der Naturwissenschaften</marc:subfield>
   </marc:datafield>
   <marc:datafield ind1="0" ind2="0" tag="245">
      <marc:subfield code="c">Ernst Peter Fischer</marc:subfield>
   </marc:datafield>
   <marc:datafield ind1=" " ind2="1" tag="264">
      <marc:subfield code="a">München</marc:subfield>
      <marc:subfield code="b">Siedler</marc:subfield>
      <marc:subfield code="c">2014</marc:subfield>
   </marc:datafield>
   <marc:datafield ind1=" " ind2=" " tag="250">
      <marc:subfield code="a">1. Aufl.</marc:subfield>
   </marc:datafield>
   <marc:datafield ind1="1" ind2=" " tag="520">
      <marc:subfield code="a">Angaben aus der Verlagsmeldung

Die Verzauberung der Welt : Eine andere Geschichte der Naturwissenschaften / von Ernst Peter Fischer

Higgs, Hubble und der liebe Gott. Eine Anleitung zum Staunen

Die meisten Menschen glauben, die Naturwissenschaft habe die Welt entzaubert, was berechnet werden könne, berge keinerlei Geheimnis mehr. Ganz im Gegenteil, schreibt Bestsellerautor und Wissenschaftspublizist Ernst Peter Fischer in seinem neuen Buch - erst durch unablässiges Forschen, durch stetes Nachfragen und unbändige Neugier, kurz: durch die genaue Kenntnis der Naturwissenschaften enthüllt sich uns das wahre Geheimnis der Welt.

Fischer, einer der renommiertesten Vermittler von populärer Wissenschaft, zeigt in seinem neuen Werk, dass wir uns die Neugier und das Staunen bewahren müssen, um »das Gefühl für das Geheimnisvolle«, wie Einstein es nannte, wiederzuerlangen. Denn für die großen Fragen und Phänomene der Wissenschaft - Was ist Schwerkraft? Was ist Licht? Was ist Zeit? - gibt es keine einfache Erklärung, keine alleingültige Antwort, sondern eine Geschichte, die sich ständig erneuert, und ein »tiefes Geheimnis«, das es zu entdecken gilt. Nur durch das Vordringen zu diesem Geheimnis erfahren wir den Zauber der Welt.

Ernst Peter Fischer entwickelt diese Kerngedanken am Beispiel der großen Wissenschaftler und ihrer »Entdeckungen« vom 16. Jahrhundert bis in die Gegenwart, und schreibt auf diese Weise eine gänzlich »andere Geschichte der Naturwissenschaften«. Ein aufregender Streifzug durch die moderne Wissenschaft - und eine Anleitung zum Staunen.

</marc:subfield>
   </marc:datafield>
   <marc:datafield ind1=" " ind2=" " tag="020">
      <marc:subfield code="a">9783886809813</marc:subfield>
      <marc:subfield code="9">9783886809813</marc:subfield>
   </marc:datafield>
   <marc:datafield ind1=" " ind2=" " tag="020">
      <marc:subfield code="a">3886809811</marc:subfield>
      <marc:subfield code="9">3886809811</marc:subfield>
   </marc:datafield>
   <marc:datafield ind1=" " ind2=" " tag="300">
      <marc:subfield code="a">335 S.</marc:subfield>
   </marc:datafield>
</marc:record>
